LEADER 01422nam0-2200349---450- 001 990008528960403321 005 20070627110904.0 010 $a88-8107-211-4 035 $a000852896 035 $aFED01000852896 035 $a(Aleph)000852896FED01 035 $a000852896 100 $a20070618d2006----km-y0itay50------ba 101 0 $aita 102 $aIT 105 $a--------001cy 200 1 $a<>istituzione totale dei giorni nostri$ei centri di "accoglienza" e di "permanenza temporanea"$eun'indagine sul campo$fElisabetta Quarta$gprefazione di Luigi Perrone 210 $aMilano$cGuerini e Associati$d2006 215 $a254 p.$d22 cm 225 1 $a<>vissuto sociale$v8 320 $aContiene bibl. e siti internet (pp. 245-254) 330 $aIl lavoro presenta i risultati di un?indagine sul campo sui Centri di detenzione amministrativa salentini, che, grazie al metodo della ricerca-azione, ha immerso i ricercatori nell?universo da conoscere e ha permesso di guardare le cose dal di dentro e di condividerle con chi le viveva in prima persona. 610 0 $aImmigrati$aItalia$aAssistenza sociale 676 $a362.84$v21$zita 700 1$aQuarta,$bElisabetta$0312264 801 0$aIT$bUNINA$gRICA$2UNIMARC 901 $aBK 912 $a990008528960403321 952 $a362.84 QUA 1$b3491$fBFS 959 $aBFS 996 $aIstituzione totale dei giorni nostri$9733532 997 $aUNINA LEADER 05198nam 22006015 450 001 9910462655403321 005 20210108010934.0 010 $a0-231-52636-9 024 7 $a10.7312/rock15186 035 $a(CKB)2670000000242545 035 $a(EBL)908794 035 $a(OCoLC)818856355 035 $a(StDuBDS)EDZ0000455024 035 $a(DE-B1597)459273 035 $a(OCoLC)979880067 035 $a(DE-B1597)9780231526364 035 $a(MiAaPQ)EBC908794 035 $a(EXLCZ)992670000000242545 100 $a20190708d2011 fg 101 0 $aeng 135 $aur|n|---||||| 181 $2rdacontent 182 $2rdamedia 183 $2rdacarrier 200 00$aPolitics of Culture and the Spirit of Critique $eDialogues /$fAlfredo Gomez-Muller, Gabriel Rockhill 210 1$aNew York, NY : $cColumbia University Press, $d[2011] 210 4$d©2011 215 $a1 online resource (217 p.) 225 0 $aNew Directions in Critical Theory 300 $aDescription based upon print version of record. 311 $a0-231-15187-X 320 $aIncludes bibliographical references. 327 $tFrontmatter -- $tCONTENTS -- $tACKNOWLEDGMENTS -- $tINTRODUCTION. Politics of Culture and the Spirit of Critique Gabriel Rockhill and Alfredo Gomez-Muller -- $tCRITICAL THEORY AND THE QUESTION OF CULTURE -- $t1 / CRITICAL THEORY TODAY. Politics, Ethics, Culture. Opening Dialogue / $rGomez-Muller, Alfredo / Rockhill, Gabriel -- $t2 / CONCRETE UNIVERSALITY AND CRITICAL SOCIAL THEORY. Dialogue with Alfredo Gomez-Muller and Gabriel Rockhill / $rBenhabib, Seyla -- $t3 / GLOBAL JUSTICE AND THE RENEWAL OF THE CRITICAL THEORY TRADITION. Dialogue with Alfredo Gomez-Muller and Gabriel Rockhill / $rFraser, Nancy -- $tCRITICAL PERSPECTIVES ON CULTURAL POLITICS -- $t4 / ACCOUNTING FOR A PHILOSOPHIC ITINERARY. Genealogies of Power and Ethics of Nonviolence Dialogue with Alfredo Gomez-Muller and Gabriel Rockhill / $rButler, Judith -- $t5 / THE PRESENT IN THE LIGHT OF THE LONGUE DURÉE. Dialogue with Alfredo Gomez-Muller and Gabriel Rockhill / $rWallerstein, Immanuel -- $t6 / A PRISONER OF HOPE IN THE NIGHT OF THE AMERICAN EMPIRE. Dialogue with Gabriel Rockhill / $rWest, Cornel -- $tCULTURE AS CRITIQUE. The Limits of Liberalism? -- $t7 / LIBERALISM. Politics, Ethics, and Markets Dialogue with Alfredo Gomez-Muller and Ronan Sharkey / $rSandel, Michael -- $t8 / CULTURAL RIGHTS AND SOCIAL-DEMOCRATIC PRINCIPLES. Dialogue with Alfredo Gomez-Muller and Gabriel Rockhill / $rKymlicka, Will -- $tEPILOGUE. Critical Theory and Recognition -- $t9 / THE CRITICAL THEORY OF THE FRANKFURT SCHOOL AND THE THEORY OF RECOGNITION. Dialogue with Olivier Voirol / $rHonneth, Axel -- $tNOTES -- $tCONTRIBUTORS 330 $aThis book of tightly woven dialogues engages prominent thinkers in a discussion about the role of culture-broadly construed-in contemporary society and politics. Faced with the conceptual inflation of the notion of 'culture,' which now imposes itself as an indispensable issue in contemporary moral and political debates, these dynamic exchanges seek to rethink culture and critique beyond the schematic models that have often predominated, such as the opposition between "mainstream multiculturalism" and the "clash of civilizations." Prefaced by an introduction relating current cultural debates to the critical theory tradition, this book examines the politics of culture and the spirit of critique from three different vantage points. To begin, Gabriel Rockhill and Alfredo Gomez-Muller provide a stage-setting dialogue, followed by discussions with two major representatives of contemporary critical theory: Seyla Benhabib and Nancy Fraser. Working at the horizons of this tradition, Judith Butler, Immanuel Wallerstein, and Cornel West then provide important critical perspectives on cultural politics. The book's concluding section engages with Michael Sandel and Will Kymlicka, who work out of the Rawlsian tradition yet are uniquely concerned with the issue of culture, broadly understood. The epilogue, an interview with Axel Honneth, returns to the core issue of critical theory in cultural politics. Ranging from recent developments and progressive interventions in critical theory to dialogues that incorporate its insights into larger discussions of social and political philosophy, this book sharpens old critical tools while developing new strategies for rethinking the role of 'culture' in contemporary society. 410 0$aNew Directions in Critical Theory 606 $aScience -- Methodology 606 $aSocial sciences -- Methodology 606 $aSocial sciences - Philosophy 606 $aSocial sciences -- Philosophy 608 $aElectronic books. 615 4$aScience -- Methodology. 615 4$aSocial sciences -- Methodology. 615 4$aSocial sciences - Philosophy. 615 4$aSocial sciences -- Philosophy. 676 $a306.201 702 $aGomez-Muller$b Alfredo, 702 $aRockhill$b Gabriel, 801 0$bDE-B1597 801 1$bDE-B1597 906 $aBOOK 912 $a9910462655403321 996 $aPolitics of Culture and the Spirit of Critique$92441571 997 $aUNINA LEADER 03343oam 2200649I 450 001 9910790204003321 005 20230814232000.0 010 $a0-429-92296-5 010 $a0-429-90873-3 010 $a0-429-48396-1 010 $a1-280-12565-9 010 $a9786613529510 010 $a1-84940-959-5 035 $a(CKB)2670000000151292 035 $a(EBL)860789 035 $a(OCoLC)777375524 035 $a(SSID)ssj0000642026 035 $a(PQKBManifestationID)11941667 035 $a(PQKBTitleCode)TC0000642026 035 $a(PQKBWorkID)10646962 035 $a(PQKB)10164153 035 $a(MiAaPQ)EBC860789 035 $a(Au-PeEL)EBL860789 035 $a(CaPaEBR)ebr10535740 035 $a(CaONFJC)MIL352951 035 $a(OCoLC)1029248532 035 $a(FlBoTFG)9780429483967 035 $a(EXLCZ)992670000000151292 100 $a20181122h20182012 uy 0 101 0 $aeng 135 $aur||| ||||| 181 $ctxt 182 $cc 183 $acr 200 10$aThinking of Becoming a Counsellor? /$fby Jonathan Ingrams 205 $aFirst edition. 210 1$aBoca Raton, FL :$cRoutledge,$d[2018]. 210 4$d©2012. 215 $a1 online resource (177 p.) 300 $aDescription based upon print version of record. 311 $a0-367-10091-6 311 $a1-78049-016-X 320 $aIncludes bibliographical references and index. 327 $aCOVER; CONTENTS; ABOUT THE AUTHOR; INTRODUCTION; CHAPTER ONE Beginnings; CHAPTER TWO The age of psychoanalysis; CHAPTER THREE The impact of childhood; CHAPTER FOUR The road to self-discovery; CHAPTER FIVE How we construct our world; CHAPTER SIX Inter-relationships; CHAPTER SEVEN The power of conditioning; CHAPTER EIGHT Automatic thoughts and irrational beliefs; CHAPTER NINE The counselling environment today; CONCLUSION; SUGGESTED READING; INDEX 330 3 $aIf you are thinking of becoming a counsellor, you may be wondering if you could put to good use your own life experience by offering support and understanding to those trying to cope with difficulties that you may have encountered and worked through yourself. The ancient Greek aphorism "know thyself" is immensely important in this regard. For unless counsellors are in harmony with themselves they cannot truly relate to the needs of those they seek to help. It is not enough for the counsellor to play the role of the therapist. He or she has to be the therapist - a very different concept. This book explores the journeys of self-discovery that prompted the pioneering practitioners to direct their skills in particular ways and the influence exerted by their backgrounds, ambitions, and personal histories. The overall objective is to help intending therapists to arrive at an understanding of the inner resources they will need to embark on a counselling career, and to help them determine which approach might best accord with their temperament and lifetime's experience. 606 $aPsychology$xVocational guidance 615 0$aPsychology$xVocational guidance. 676 $a158.3 676 $a158.3071 676 $a616.8914 700 $aIngrams$b Jonathan$01570059 801 0$bFlBoTFG 801 1$bFlBoTFG 906 $aBOOK 912 $a9910790204003321 996 $aThinking of Becoming a Counsellor$93843429 997 $aUNINA